[Event "FICGS class B 000128 email"]
[Site "FICGS email"]
[Date "2010.10.25"]
[Round "1"]
[White "De Waele, Willy"]
[Black "De Silva, Dinesh"]
[Result "1-0"]
[WhiteElo "2000"]
[BlackElo "1882"]
[PlyCount "41"]
[EventDate "2010.??.??"]
[EventType "tourn (corr)"]
[EventRounds "6"]
[SourceTitle "Corr 2013"]
[Source "ChessBase"]
[SourceDate "2012.11.12"]
[SourceVersion "1"]
[SourceVersionDate "2012.11.12"]
[SourceQuality "1"]

1. e4 e6 2. d4 d5 3. Nc3 Nf6 4. Bg5 dxe4 5. Nxe4 Be7 6. Bxf6 gxf6 7. Nf3 f5 8. Nc3 a6 9. Qe2 b5 10. 0-0-0 b4 11. Na4 Qd5 12. Qc4 Qxc4 13. Bxc4 Rg8 14. g3 Nc6 15. d5 Rg4 16. b3 Na5 17. Be2 exd5 18. Rxd5 Nc6 19. Bd3 Be6 20. Rxf5 Rd8 21. Rh5 1-0

[Event "SM-2010-0-00115"]
[Site "LSS email"]
[Date "2010.08.14"]
[Round "?"]
[White "De Silva, Dinesh"]
[Black "Sidenko, Anatoly Viktorovich"]
[Result "1/2-1/2"]
[WhiteElo "2211"]
[BlackElo "2281"]
[PlyCount "39"]
[EventDate "2010.07.25"]
[EventType "tourn (corr)"]
[EventRounds "6"]
[EventCountry "GER"]
[SourceTitle "Telechess CBM 149"]
[Source "ChessBase"]
[SourceDate "2012.07.17"]
[SourceVersion "1"]
[SourceVersionDate "2012.07.17"]
[SourceQuality "1"]

1. e4 e6 2. d4 d5 3. Nc3 dxe4 4. Nxe4 Nd7 5. Bd3 Ngf6 6. Qe2 c5 7. Nxf6+ Nxf6 8. dxc5 Bxc5 9. Nf3 0-0 10. 0-0 b6 11. Bg5 Bb7 12. Rad1 Qc7 13. Bxf6 gxf6 14. Be4 Bxe4 15. Qxe4 Rad8 16. g3 f5 17. Qh4 Bxf2+ 18. Kxf2 Qxc2+ 19. Kg1 Rxd1 20. Qg5+ 1/2-1/2

[Event "FICGS W-ch st1 g22 email"]
[Site "FICGS email"]
[Date "2010.08.13"]
[Round "1"]
[White "De Silva, Dinesh"]
[Black "Mohand Oussaid, Malik"]
[Result "1-0"]
[WhiteElo "1867"]
[BlackElo "1728"]
[PlyCount "85"]
[EventDate "2010.??.??"]
[EventType "tourn (corr)"]
[EventRounds "6"]
[SourceTitle "Corr 2013"]
[Source "ChessBase"]
[SourceDate "2012.11.12"]
[SourceVersion "1"]
[SourceVersionDate "2012.11.12"]
[SourceQuality "1"]

1. e4 e6 2. d4 d5 3. Nc3 dxe4 4. Nxe4 Nd7 5. Bd3 Ngf6 6. Qe2 Be7 7. Nf3 Nxe4 8. Bxe4 Nf6 9. Bxb7 Bxb7 10. Qb5+ Nd7 11. Qxb7 0-0 12. 0-0 Bf6 13. Rd1 Nb6 14. Qe4 Qe7 15. Bf4 c5 16. dxc5 Qxc5 17. Bd6 Qh5 18. Bxf8 Rxf8 19. c3 Nd5 20. Rd3 Be7 21. Rad1 Nf6 22. Qe5 Qg6 23. Nh4 Qg4 24. Rd4 Qh5 25. Qxh5 Nxh5 26. Nf3 Bc5 27. Rd8 g6 28. b4 Be7 29. Rxf8+ Kxf8 30. a3 Nf4 31. c4 Ne2+ 32. Kf1 Nc3 33. Rd7 Ke8 34. Rxa7 Bf6 35. b5 Ne4 36. b6 Nc5 37. b7 Nxb7 38. Rxb7 e5 39. a4 Bd8 40. Nxe5 f6 41. Nc6 f5 42. Nxd8 Kxd8 43. a5 1-0

[Event "FICGS W-ch st1 g22 email"]
[Site "FICGS email"]
[Date "2010.08.13"]
[Round "1"]
[White "Rusli, Rafnizar"]
[Black "De Silva, Dinesh"]
[Result "0-1"]
[WhiteElo "1594"]
[BlackElo "1867"]
[PlyCount "22"]
[EventDate "2010.??.??"]
[EventType "tourn (corr)"]
[EventRounds "6"]
[SourceTitle "Corr 2022"]
[Source "ChessBase"]
[SourceDate "2021.10.24"]
[SourceVersion "1"]
[SourceVersionDate "2021.10.24"]
[SourceQuality "1"]

1. d4 Nf6 2. c4 e6 3. Nf3 b6 4. g3 Ba6 5. b3 Bb4+ 6. Bd2 Be7 7. Bg2 0-0 8. 0-0 d5 9. Qc2 c5 10. dxc5 Bxc5 11. Bf4 Nbd7 0-1

[Event "FICGS rapid B 000156 email"]
[Site "FICGS email"]
[Date "2010.07.26"]
[Round "1"]
[White "De Silva, Dinesh"]
[Black "Lim, Steve"]
[Result "0-1"]
[WhiteElo "1867"]
[BlackElo "1800"]
[PlyCount "40"]
[EventDate "2010.??.??"]
[EventType "tourn (rapid)"]
[EventRounds "6"]
[SourceTitle "Corr 2022"]
[Source "ChessBase"]
[SourceDate "2021.10.24"]
[SourceVersion "1"]
[SourceVersionDate "2021.10.24"]
[SourceQuality "1"]

1. e4 e6 2. d4 d5 3. Nc3 Nf6 4. Bg5 Be7 5. e5 Nfd7 6. Bxe7 Qxe7 7. f4 0-0 8. Nf3 c5 9. Qd2 Nc6 10. dxc5 Nxc5 11. 0-0-0 a6 12. Bd3 b5 13. Ne2 b4 14. Qe3 Nxd3+ 15. cxd3 b3 16. a3 d4 17. Nexd4 Nxd4 18. Qxd4 Bb7 19. Kb1 Rfd8 20. Qe3 Qd7 0-1

[Event "FICGS rapid B 000156 email"]
[Site "FICGS email"]
[Date "2010.07.26"]
[Round "1"]
[White "De Silva, Dinesh"]
[Black "Nellutla, Manobhiram"]
[Result "1-0"]
[WhiteElo "1867"]
[BlackElo "1800"]
[PlyCount "33"]
[EventDate "2010.??.??"]
[EventType "tourn (rapid)"]
[EventRounds "6"]
[SourceTitle "Corr 2013"]
[Source "ChessBase"]
[SourceDate "2012.11.12"]
[SourceVersion "1"]
[SourceVersionDate "2012.11.12"]
[SourceQuality "1"]

1. e4 e5 2. Nf3 d6 3. d4 exd4 4. Nxd4 a6 5. Nc3 Nf6 6. Bf4 d5 7. Qe2 Be7 8. e5 Ng4 9. h3 Nh6 10. Bxh6 gxh6 11. 0-0-0 Be6 12. Nxe6 fxe6 13. Qh5+ Kd7 14. Nxd5 Qe8 15. Nf6+ Kc8 16. Nxe8 Nc6 17. Bc4 1-0

[Event "LSS ST-2009-0-00067"]
[Site "LSS email"]
[Date "2010.01.23"]
[Round "?"]
[White "De Silva, Dinesh"]
[Black "Wosch, Arkadiusz Janusz"]
[Result "0-1"]
[WhiteElo "2240"]
[BlackElo "2282"]
[PlyCount "62"]
[EventDate "2009.11.21"]
[EventType "tourn (corr)"]
[EventRounds "6"]
[EventCountry "GER"]
[EventCategory "7"]
[SourceTitle "Telechess CBM 141"]
[Source "ChessBase"]
[SourceDate "2011.03.17"]
[SourceVersion "1"]
[SourceVersionDate "2011.03.17"]
[SourceQuality "1"]

1. e4 c5 2. Nc3 Nc6 3. g3 g6 4. Bg2 Bg7 5. d3 d6 6. Be3 e6 7. Qd2 Rb8 8. Nge2 Nd4 9. 0-0 Ne7 10. Nd1 0-0 11. Nc1 b5 12. c3 Ndc6 13. Bh6 Bxh6 14. Qxh6 b4 15. Qd2 e5 16. f4 exf4 17. gxf4 bxc3 18. bxc3 f5 19. Ne3 Be6 20. Ne2 d5 21. exd5 Nxd5 22. Rab1 Re8 23. Rxb8 Nxb8 24. Nc4 Nc7 25. Ne5 Bd5 26. Ng3 Ne6 27. Rf2 Qd6 28. Re2 Bxg2 29. Kxg2 Re7 30. Kg1 Nd7 31. Nc4 Qc7 0-1

[Event "LSS ST-2009-0-00067"]
[Site "LSS email"]
[Date "2010.01.23"]
[Round "?"]
[White "Schuster, Peter"]
[Black "De Silva, Dinesh"]
[Result "1-0"]
[WhiteElo "2403"]
[BlackElo "2244"]
[PlyCount "77"]
[EventDate "2009.11.21"]
[EventType "tourn (corr)"]
[EventRounds "6"]
[EventCountry "GER"]
[EventCategory "7"]
[SourceTitle "Telechess CBM 141"]
[Source "ChessBase"]
[SourceDate "2011.03.17"]
[SourceVersion "1"]
[SourceVersionDate "2011.03.17"]
[SourceQuality "1"]

1. e4 c5 2. Nf3 d6 3. Bc4 Nc6 4. Qe2 Nf6 5. c3 Bg4 6. d3 e6 7. h3 Bh5 8. Bf4 Be7 9. Nbd2 d5 10. Bb3 Qb6 11. g4 Bg6 12. h4 c4 13. dxc4 dxe4 14. Ne5 Nxe5 15. Bxe5 h6 16. 0-0-0 0-0-0 17. Bc2 Qa5 18. Bxf6 Bxf6 19. Kb1 Qb6 20. Ka1 Qc6 21. Bb1 Bh7 22. h5 Bg5 23. Nxe4 Bf4 24. Qf3 Bc7 25. Nd2 Qxf3 26. Nxf3 Bxb1 27. Kxb1 Bf4 28. Kc2 Rxd1 29. Rxd1 g6 30. hxg6 fxg6 31. Re1 Kd7 32. Rh1 Rf8 33. Kd3 Bc7 34. Ke3 Rf4 35. Rxh6 Rxg4 36. Rh7+ Kc8 37. Nd4 Bb6 38. Kf3 Rg5 39. Nb5 1-0

[Event "LSS WC-2009-F-00002"]
[Site "LSS email"]
[Date "2009.11.03"]
[Round "?"]
[White "De Silva, Dinesh"]
[Black "Kireev, Sergey Ivanovich"]
[Result "1/2-1/2"]
[WhiteElo "2290"]
[BlackElo "2312"]
[PlyCount "92"]
[EventDate "2009.11.08"]
[EventType "tourn (corr)"]
[EventRounds "10"]
[EventCountry "GER"]
[SourceTitle "Telechess CBM 141"]
[Source "ChessBase"]
[SourceDate "2011.03.17"]
[SourceVersion "1"]
[SourceVersionDate "2011.03.17"]
[SourceQuality "1"]

1. e4 e5 2. Nf3 Nc6 3. Bb5 a6 4. Ba4 Nf6 5. 0-0 Be7 6. Re1 b5 7. Bb3 0-0 8. c3 d5 9. exd5 Nxd5 10. Nxe5 Nxe5 11. Rxe5 c6 12. d4 Bd6 13. Re1 Qh4 14. g3 Qh3 15. Be3 Bg4 16. Qd3 Rae8 17. Nd2 Re6 18. a4 Qh5 19. axb5 axb5 20. Qf1 Bh3 21. Bd1 Qf5 22. Qe2 c5 23. Nf3 Bf4 24. Qd2 Nxe3 25. fxe3 Bh6 26. Qf2 Rfe8 27. Bc2 Qh5 28. e4 Rf6 29. Bd1 Bg4 30. Rf1 g6 31. e5 Rf5 32. h4 g5 33. Qg2 cxd4 34. cxd4 gxh4 35. Nxh4 Be3+ 36. Kh2 Rxf1 37. Qxf1 Bxd4 38. Qxb5 Rd8 39. Qa5 Rb8 40. Ra4 Rxb2+ 41. Kh1 Rb8 42. Rxd4 Bxd1 43. Rd8+ Rxd8 44. Qxd8+ Kg7 45. Qf6+ Kg8 46. Qd8+ Kg7 1/2-1/2

[Event "LSS WC-2009-F-00002"]
[Site "LSS email"]
[Date "2009.11.03"]
[Round "?"]
[White "Pely, Giora"]
[Black "De Silva, Dinesh"]
[Result "1-0"]
[WhiteElo "2277"]
[BlackElo "2266"]
[PlyCount "51"]
[EventDate "2009.11.08"]
[EventType "tourn (corr)"]
[EventRounds "10"]
[EventCountry "GER"]
[SourceTitle "Telechess CBM 141"]
[Source "ChessBase"]
[SourceDate "2011.03.17"]
[SourceVersion "1"]
[SourceVersionDate "2011.03.17"]
[SourceQuality "1"]

1. e4 c5 2. Nf3 d6 3. d4 cxd4 4. Nxd4 Nf6 5. Nc3 Nc6 6. Bg5 e6 7. Qd2 a6 8. 0-0-0 Bd7 9. f4 b5 10. Bxf6 gxf6 11. Kb1 b4 12. Nce2 Qb6 13. f5 e5 14. Nxc6 Bxc6 15. Ng3 Qc5 16. Bd3 a5 17. Nh5 Ke7 18. g4 Rg8 19. Rhg1 a4 20. h4 a3 21. Bc4 Bxe4 22. g5 fxg5 23. Rxg5 Bh6 24. f6+ Kd7 25. Qe2 Bxg5 26. Qxe4 1-0

[Event "LSS ST-2009-0-00061"]
[Site "LSS email"]
[Date "2009.10.14"]
[Round "?"]
[White "Moreira, Jose Americo Paiva"]
[Black "De Silva, Dinesh"]
[Result "1-0"]
[WhiteElo "2161"]
[BlackElo "2249"]
[PlyCount "91"]
[EventDate "2009.08.26"]
[EventType "tourn (corr)"]
[EventRounds "6"]
[EventCountry "GER"]
[SourceTitle "Telechess CBM 141"]
[Source "ChessBase"]
[SourceDate "2011.03.17"]
[SourceVersion "1"]
[SourceVersionDate "2011.03.17"]
[SourceQuality "1"]

1. e4 c6 2. d4 d5 3. Nc3 dxe4 4. Nxe4 Nd7 5. Ng5 Ngf6 6. Bd3 e6 7. N1f3 Bd6 8. Qe2 h6 9. Ne4 Nxe4 10. Qxe4 Qc7 11. 0-0 b6 12. Qg4 Kf8 13. b3 Bb7 14. Bb2 Nf6 15. Qh4 Nd5 16. Ne5 g5 17. Qe4 Nf4 18. Qf3 Rg8 19. Rfe1 f5 20. Bf1 c5 21. Qc3 Rd8 22. dxc5 Qxc5 23. Bc4 Be7 24. Rad1 Bd5 25. a4 a6 26. Bxd5 Qxc3 27. Bxc3 Rxd5 28. Kf1 Rd6 29. Nd7+ Kf7 30. Rxd6 Bxd6 31. Nxb6 Nd5 32. Rd1 Nxc3 33. Rxd6 Ne4 34. Rd7+ Kf6 35. Ke2 g4 36. Ke3 e5 37. c4 Nc5 38. Rd6+ Ke7 39. Rxh6 f4+ 40. Ke2 Nxb3 41. Nd5+ Kf7 42. Rf6+ Kg7 43. Rxa6 Rc8 44. Ra7+ Kh6 45. Nf6 e4 46. g3 1-0

[Event "LSS ST-2009-0-00061"]
[Site "LSS email"]
[Date "2009.10.13"]
[Round "?"]
[White "Noble, Mark Frederick"]
[Black "De Silva, Dinesh"]
[Result "1-0"]
[WhiteElo "2378"]
[BlackElo "2231"]
[PlyCount "109"]
[EventDate "2009.08.26"]
[EventType "tourn (corr)"]
[EventRounds "6"]
[EventCountry "GER"]
[SourceTitle "Telechess CBM 141"]
[Source "ChessBase"]
[SourceDate "2011.03.17"]
[SourceVersion "1"]
[SourceVersionDate "2011.03.17"]
[SourceQuality "1"]

1. e4 c6 2. d4 d5 3. Nc3 dxe4 4. Nxe4 Nd7 5. Ng5 Ngf6 6. Bd3 e6 7. N1f3 Bd6 8. Qe2 h6 9. Ne4 Nxe4 10. Qxe4 Qc7 11. 0-0 b6 12. Qg4 Kf8 13. b3 Bb7 14. Bb2 Nf6 15. Qh3 Nd5 16. g3 Rd8 17. Rad1 Nf6 18. Qh4 Kg8 19. Rfe1 Be7 20. Ne5 h5 21. Qf4 c5 22. dxc5 Bxc5 23. c4 Bb4 24. Rf1 Bd6 25. h4 Rh6 26. Bc2 Ne8 27. Be4 f6 28. Bxb7 Qxb7 29. Qf3 Qxf3 30. Nxf3 Kf7 31. Nd4 a6 32. Kg2 e5 33. Nf5 Rh8 34. f4 exf4 35. Rxf4 Bc7 36. Rxd8 Bxd8 37. Rd4 Bc7 38. Ba3 g6 39. Ne7 Rh7 40. Rd3 Rg7 41. Nc6 a5 42. Nd8+ Kg8 43. Ne6 Rh7 44. Kf3 Be5 45. Rd8 Kf7 46. Nf4 Rg7 47. Bc1 Ke7 48. Ra8 Bxf4 49. Bxf4 g5 50. Be3 gxh4 51. gxh4 Rg4 52. Bxb6 Rxh4 53. Bxa5 Rh3+ 54. Kg2 Rd3 55. c5 1-0

[Event "FICGS rapid A 000069 email"]
[Site "FICGS email"]
[Date "2009.09.17"]
[Round "1"]
[White "Nichols, Scott"]
[Black "De Silva, Dinesh"]
[Result "1-0"]
[WhiteElo "2049"]
[BlackElo "1993"]
[PlyCount "77"]
[EventDate "2009.??.??"]
[EventType "tourn (rapid)"]
[EventRounds "6"]
[SourceTitle "Corr 2022"]
[Source "ChessBase"]
[SourceDate "2021.10.24"]
[SourceVersion "1"]
[SourceVersionDate "2021.10.24"]
[SourceQuality "1"]

1. Nf3 Nf6 2. g3 g6 3. Bg2 Bg7 4. d4 0-0 5. c4 d6 6. 0-0 Nc6 7. Nc3 a6 8. d5 Na5 9. b3 c5 10. dxc6 Nxc6 11. Bb2 Qa5 12. Nd5 Nxd5 13. Bxg7 Nc3 14. Bxc3 Qxc3 15. Rc1 Qa5 16. Qd2 Qxd2 17. Nxd2 Nd4 18. Rfe1 Rb8 19. Ne4 b6 20. Nc3 Bb7 21. Red1 Bxg2 22. Kxg2 Ne6 23. Nd5 Rb7 24. e4 Rc8 25. f4 Kf8 26. Kf3 Nc7 27. Ne3 Rbb8 28. g4 a5 29. f5 a4 30. b4 b5 31. Rd4 Na6 32. a3 Rc6 33. Rd3 Ke8 34. Rdc3 Kd7 35. g5 gxf5 36. exf5 Nc7 37. c5 d5 38. Rd3 e6 39. Ng4 1-0

[Event "LSS ST-2009-0-00054"]
[Site "LSS email"]
[Date "2009.07.15"]
[Round "?"]
[White "De Silva, Dinesh"]
[Black "Bernal Varela, Nelson"]
[Result "1/2-1/2"]
[WhiteElo "2231"]
[BlackElo "2170"]
[PlyCount "54"]
[EventDate "2009.05.28"]
[EventType "tourn (corr)"]
[EventRounds "6"]
[EventCountry "GER"]
[SourceTitle "Corr 2013"]
[Source "ChessBase"]
[SourceDate "2012.11.12"]
[SourceVersion "1"]
[SourceVersionDate "2012.11.12"]
[SourceQuality "1"]
[WhiteTeam "US of America"]
[BlackTeam "US of America"]
[WhiteTeamCountry "USA"]
[BlackTeamCountry "USA"]

1. d4 Nf6 2. Nf3 e6 3. c4 b6 4. g3 Bb4+ 5. Bd2 Bxd2+ 6. Qxd2 Bb7 7. Bg2 d6 8. Nc3 0-0 9. d5 e5 10. 0-0 a5 11. Ne1 Qe7 12. e4 Na6 13. Nc2 Nc5 14. Rae1 Rad8 15. f4 Ng4 16. h3 Nf6 17. Re3 Ba6 18. Qe2 h6 19. Kh1 Nfd7 20. Kh2 Rc8 21. b3 Ra8 22. Rf2 Bc8 23. Kg1 Rd8 24. Rf1 Re8 25. Rf2 Ba6 26. Qd1 Rad8 27. Kh2 Rc8 1/2-1/2

[Event "LSS ST-2009-0-00054"]
[Site "LSS email"]
[Date "2009.07.15"]
[Round "?"]
[White "Medvedchuk, Leonid Nikolaevich"]
[Black "De Silva, Dinesh"]
[Result "1-0"]
[WhiteElo "2193"]
[BlackElo "2266"]
[PlyCount "101"]
[EventDate "2009.05.28"]
[EventType "tourn (corr)"]
[EventRounds "6"]
[EventCountry "GER"]
[SourceTitle "Telechess CBM 141"]
[Source "ChessBase"]
[SourceDate "2011.03.17"]
[SourceVersion "1"]
[SourceVersionDate "2011.03.17"]
[SourceQuality "1"]

1. e4 c5 2. Nf3 d6 3. d4 cxd4 4. Nxd4 Nf6 5. Nc3 a6 6. Be3 e5 7. Nb3 Be6 8. Be2 Nbd7 9. 0-0 Be7 10. a4 Rc8 11. a5 0-0 12. Bf3 Qc7 13. Qd2 h6 14. h3 Rfd8 15. Rfd1 Nc5 16. Nc1 b5 17. axb6 Qxb6 18. N1e2 Qb7 19. Ng3 Ncd7 20. b3 Qc6 21. Nge2 Bf8 22. Ra4 Nc5 23. Bxc5 dxc5 24. Nd5 Nxd5 25. exd5 Qb7 26. Ng3 Rb8 27. dxe6 Rxd2 28. Rxd2 Qb6 29. exf7+ Kxf7 30. Bd5+ Kg6 31. Rd1 Kh7 32. Rda1 Qd8 33. Bc4 Ra8 34. Bd3+ Kh8 35. Rxa6 Rxa6 36. Rxa6 Kg8 37. Re6 Qg5 38. Ne4 Qc1+ 39. Kh2 g5 40. Ra6 Kf7 41. g3 Qb2 42. Bc4+ Ke7 43. Ra7+ Kd8 44. Nf6 Qxc2 45. Ra8+ Ke7 46. Nd5+ Kd7 47. Rxf8 h5 48. Rf6 e4 49. Bb5+ Kc8 50. Bc6 Kb8 51. Rf8+ 1-0

[Event "LSS WC-2012-S-00008"]
[Site "LSS email"]
[Date "2009.07.13"]
[Round "?"]
[White "De Silva, Dinesh"]
[Black "Braun, Ingram H"]
[Result "1-0"]
[WhiteElo "2231"]
[BlackElo "2155"]
[PlyCount "26"]
[EventDate "2009.07.18"]
[EventType "tourn (corr)"]
[EventRounds "10"]
[EventCountry "GER"]
[SourceTitle "Corr 2013"]
[Source "ChessBase"]
[SourceDate "2012.11.12"]
[SourceVersion "1"]
[SourceVersionDate "2012.11.12"]
[SourceQuality "1"]
[WhiteTeam "US of America"]
[BlackTeam "US of America"]
[WhiteTeamCountry "USA"]
[BlackTeamCountry "USA"]

1. d4 d5 2. c4 c6 3. Nc3 Nf6 4. Nf3 e6 5. e3 Nbd7 6. Bd3 dxc4 7. Bxc4 b5 8. Bd3 b4 9. Ne4 Nxe4 10. Bxe4 Bb7 11. 0-0 Bd6 12. a3 bxa3 13. b3 Nf6 1-0

[Event "LSS WC-2012-S-00008"]
[Site "LSS email"]
[Date "2009.07.13"]
[Round "?"]
[White "De Silva, Dinesh"]
[Black "Buczinski, Henryk"]
[Result "1/2-1/2"]
[WhiteElo "2299"]
[BlackElo "2203"]
[PlyCount "77"]
[EventDate "2009.07.18"]
[EventType "tourn (corr)"]
[EventRounds "10"]
[EventCountry "GER"]
[SourceTitle "Telechess CBM 141"]
[Source "ChessBase"]
[SourceDate "2011.03.17"]
[SourceVersion "1"]
[SourceVersionDate "2011.03.17"]
[SourceQuality "1"]

1. Nf3 Nf6 2. c4 g6 3. Nc3 Bg7 4. e4 d6 5. d4 0-0 6. Be2 e5 7. 0-0 Nc6 8. d5 Ne7 9. Ne1 Nd7 10. Be3 f5 11. f3 f4 12. Bf2 g5 13. a4 Ng6 14. a5 Kh8 15. Nd3 Rg8 16. c5 a6 17. cxd6 cxd6 18. Kh1 Nf6 19. b4 Bh6 20. Nb2 Nf8 21. Nc4 g4 22. fxg4 Bxg4 23. Nb6 Rb8 24. Bh4 Bxe2 25. Qxe2 Bg5 26. Bf2 N8d7 27. b5 Nxb6 28. Bxb6 Qc8 29. Ra3 Qg4 30. Bc7 Qxe2 31. Nxe2 Rbe8 32. Nc3 Ng4 33. Nd1 Rg6 34. bxa6 bxa6 35. Rc3 Rh6 36. Rh3 Rg6 37. Rc3 Rh6 38. Rh3 Rg6 39. Rc3 1/2-1/2

[Event "LSS WC-2012-S-00008"]
[Site "LSS email"]
[Date "2009.07.13"]
[Round "?"]
[White "De Silva, Dinesh"]
[Black "Lakatos, Stefan"]
[Result "0-1"]
[WhiteElo "2231"]
[BlackElo "2271"]
[PlyCount "40"]
[EventDate "2009.07.18"]
[EventType "tourn (corr)"]
[EventRounds "10"]
[EventCountry "GER"]
[SourceTitle "Corr 2013"]
[Source "ChessBase"]
[SourceDate "2012.11.12"]
[SourceVersion "1"]
[SourceVersionDate "2012.11.12"]
[SourceQuality "1"]
[WhiteTeam "US of America"]
[BlackTeam "US of America"]
[WhiteTeamCountry "USA"]
[BlackTeamCountry "USA"]

1. d4 Nf6 2. c4 g6 3. Nc3 d5 4. cxd5 Nxd5 5. e4 Nxc3 6. bxc3 Bg7 7. Bc4 c5 8. Ne2 Nc6 9. Be3 0-0 10. 0-0 Bg4 11. f3 Bd7 12. Rc1 Rc8 13. d5 Ne5 14. Bb3 Qa5 15. h3 Qa6 16. a4 Nc4 17. Qd3 Nxe3 18. Qxe3 e6 19. dxe6 Bxe6 20. Bxe6 Qxe6 0-1

[Event "FICGS rapid A 000065 email"]
[Site "FICGS email"]
[Date "2009.06.29"]
[Round "1"]
[White "De Silva, Dinesh"]
[Black "Lopez, Victor"]
[Result "1-0"]
[WhiteElo "2068"]
[BlackElo "1961"]
[PlyCount "25"]
[EventDate "2009.??.??"]
[EventType "tourn (rapid)"]
[EventRounds "6"]
[SourceTitle "Corr 2022"]
[Source "ChessBase"]
[SourceDate "2021.10.24"]
[SourceVersion "1"]
[SourceVersionDate "2021.10.24"]
[SourceQuality "1"]

1. e4 e5 2. Nf3 Nc6 3. Bb5 a6 4. Ba4 Nf6 5. 0-0 Be7 6. Re1 b5 7. Bb3 0-0 8. d4 d6 9. c3 Bg4 10. Be3 Bh5 11. h3 exd4 12. cxd4 Na5 13. Bc2 1-0

[Event "FICGS class A 000047 email"]
[Site "FICGS email"]
[Date "2008.12.17"]
[Round "1"]
[White "De Silva, Dinesh"]
[Black "Bernal Varela, Nelson"]
[Result "0-1"]
[WhiteElo "2028"]
[BlackElo "2092"]
[PlyCount "94"]
[EventDate "2008.??.??"]
[EventType "tourn (corr)"]
[EventRounds "6"]
[SourceTitle "Corr 2022"]
[Source "ChessBase"]
[SourceDate "2021.10.24"]
[SourceVersion "1"]
[SourceVersionDate "2021.10.24"]
[SourceQuality "1"]

1. e4 c5 2. Nf3 d6 3. Nc3 Nf6 4. d4 cxd4 5. Nxd4 a6 6. Be3 Ng4 7. Bc1 Nf6 8. Be3 e5 9. Nb3 Be7 10. f3 Be6 11. Qd2 Nbd7 12. g4 0-0 13. 0-0-0 b5 14. g5 Nh5 15. Nd5 Bxd5 16. exd5 Qc7 17. Kb1 Nb6 18. Rg1 Rab8 19. Rg4 f6 20. g6 f5 21. gxh7+ Kh8 22. Rb4 Rfc8 23. Bxb6 Qxb6 24. Bd3 Rf8 25. h4 Kxh7 26. f4 Kg8 27. a4 Nxf4 28. a5 Qb7 29. Rxf4 exf4 30. Qe2 Bxh4 31. Qh5 g5 32. Bxf5 Rxf5 33. Qg6+ Qg7 34. Qxf5 Qf7 35. Qg4 f3 36. Nd4 f2 37. Nf3 Rf8 38. Nh2 Qf5 39. Qh5 Kg7 40. Rf1 Qh3 41. Ng4 Qxf1+ 42. Ka2 Qc4+ 43. b3 Qxc2+ 44. Ka3 b4+ 45. Ka4 Qa2+ 46. Kxb4 Rb8+ 47. Kc3 Rxb3+ 0-1